| 000 | 00416nam a2200145Ia 4500 | ||
|---|---|---|---|
| 008 | 230917s9999||||xx |||||||||||||| ||und|| | ||
| 040 |
_e111753 _aMAIN |
||
| 041 | _aEnglish | ||
| 082 | _a301.426 G552P | ||
| 100 | _aGoel, S L | ||
| 245 | 0 | _aPopulation policy and family welfare: Reproductive and child health administration (RCH) | |
| 260 |
_aNew Delhi _bDeep & Deep _c2005 |
||
| 300 | _aix p. : 526 | ||
| 942 | _cBK | ||
| 999 |
_c130810 _d130810 |
||